| 000 | 00766nam a2200241 a 4500 | ||
|---|---|---|---|
| 005 | 20240117063556.0 | ||
| 008 | 061129s2002 mx r 000 0 spa d | ||
| 020 | _a8432311057 | ||
| 035 | _aUPN01000148458 | ||
| 049 | _aCG | ||
| 050 | 4 |
_aP106 _bB7.2 |
|
| 100 | 1 | _aBrandom, Robert B. | |
| 245 | 1 | 3 |
_aLa articulación de las razones : _buna introducción al inferencialismo / _cpor Robert B. Brandom ; tr. Eduardo de Bustos. |
| 260 |
_aMadrid : _bSiglo XXI, _c2002. |
||
| 300 | _a277 p. | ||
| 440 | 0 | _aFilosofia | |
| 534 |
_pTítulo original: _tArticulating reasons. An introduction to inferentialism |
||
| 650 | 4 |
_aLENGUAS - _xFILOSOFIA _93839 |
|
| 650 | 2 |
_aSemántica _93577 |
|
| 650 | 2 |
_aInferencia _913638 |
|
| 650 | 4 | _aLENGUAJE Y LOGICA | |
| 905 | _aLibro | ||
| 999 |
_c120600 _d120600 |
||